| 000 | 00926nam a2200253Ia 4500 | ||
|---|---|---|---|
| 003 | OSt | ||
| 005 | 20220923211105.0 | ||
| 006 | a|||||r|||| 00| 0 | ||
| 007 | ta | ||
| 008 | 220922b |||||||| |||| 00| 0 hin d | ||
| 020 |
_a817917073X (hbk) _c900 |
||
| 024 | _a236,881 | ||
| 037 |
_bNIL, 17/01/2009, Pioneer Book Distributors _cTextual |
||
| 040 |
_aARTS _cARTS _bhin |
||
| 041 |
_2hin _ahin |
||
| 082 | _aQ20aY:1.2, 152P5 | ||
| 100 |
_aश्रीमाली, कृष्ण मोहन _9158082 |
||
| 245 | 0 | _aधर्म, समाज और संस्कृति | |
| 246 | _aDharma, samāj aur sanskṛuti | ||
| 260 |
_aदिल्ली _b ग्रंथ शिल्पी _c2005 |
||
| 300 |
_a264पृ. _ccm. |
||
| 942 |
_hQ20aY:1.2, 152P5 _cTEXL _2CC |
||
| 999 |
_c295084 _d295084 |
||